000 01091nab a22002057a 4500
999 _c6097
_d6097
003 OSt
005 20260122072826.0
008 190502c xxu||||| |||| 00| 0 spa d
040 _cPJ
100 _aCarrara, Daniela
_96866
245 1 0 _aPrincipio de insignificancia :
_bsu recepción en la jurisprudencia de la Cámara Nacional de Casación en lo Criminal y Correccional /
_cDaniela Carrara.
260 _aCiudad Autónoma de Buenos Aires :
_bThomson Reuters La Ley,
_c2024.
300 _ap. 11-18
505 _aSumario: I. Introducción.— II. Lesividad relevante y atipicidad.— III. Derecho penal como ultima ratio.— IV. Proporcionalidad.— V. Contexto de vulnerabilidad.— VI. Recarga del sistema de justicia.— VII. A modo de cierre.
505 _t¿Te interesa el texto completo? Solicitalo al correo: koha@justierradelfuego.gov.ar
650 0 _9343
_aDERECHO PENAL
650 0 _91057
_aJURISPRUDENCIA APLICABLE
773 0 _02729
_93180
_dBuenos Aires : LexisNexis, 2006-
_tRevista de derecho penal y procesal penal. Nº 11 - Noviembre 2024
_z9875920622
942 _2udc
_cANA